Dynamický přístup k monetárnímu vyrovnávacímu procesu obchodní bilance
Kľúčový problém makroekonomickej teórie - či sa nerovnováha obchodnej bilancie môže automaticky vyrovnať bez pohybu cien, dôchodku a menového kurzu. Teoretické rozvinutie dynamického modelu. Automatizmus obnovovania rovnováhy obchodnej bilancie pri monetárnom prístupe. Dynamizácia modelu menového vy...
Salvato in:
| Autore principale: | |
|---|---|
| Altri autori: | |
| Natura: | Capitolo di libro |
| Lingua: | ceco |
| Soggetti: | |
| Tags: |
Nessun Tag, puoi essere il primo ad aggiungerne!!
|
MARC
| LEADER | 00000naa a2200000 4500 | ||
|---|---|---|---|
| 001 | r017170 | ||
| 005 | 20220905075626.8 | ||
| 041 | 0 | |a cze | |
| 044 | |a CZ | ||
| 245 | 1 | 0 | |a Dynamický přístup k monetárnímu vyrovnávacímu procesu obchodní bilance |c J. Kodera, M. Mandel |
| 520 | |a Kľúčový problém makroekonomickej teórie - či sa nerovnováha obchodnej bilancie môže automaticky vyrovnať bez pohybu cien, dôchodku a menového kurzu. Teoretické rozvinutie dynamického modelu. Automatizmus obnovovania rovnováhy obchodnej bilancie pri monetárnom prístupe. Dynamizácia modelu menového vyrovnávacieho procesu. | ||
| 610 | 2 | 0 | |a bilancia obchodná |
| 610 | 2 | 0 | |a zásoba peňažná |
| 610 | 2 | 0 | |a modely dynamické |
| 610 | 2 | 0 | |a vývoz |
| 610 | 2 | 0 | |a rovnováha peňažná |
| 610 | 2 | 0 | |a rovnováha hospodárska |
| 610 | 2 | 0 | |a nerovnováha hospodárska |
| 100 | 1 | |a Kodera, Jan | |
| 700 | 1 | |a Mandel, Martin | |